Bytový dom
Gespeichert in:
| 1. Verfasser: | |
|---|---|
| Weitere Verfasser: | |
| Format: | Manuskript Buch |
| Sprache: | Slowakisch |
| Veröffentlicht: |
2015
|
| Schlagworte: | |
| Online-Zugang: | http://is.stuba.sk/zp/portal_zp.pl?podrobnosti=89726 https://opac.crzp.sk/?fn=detailBiblioForm&sid=A1BE4CBC10A6410E28D5738DE444 |
| Tags: |
Keine Tags, Fügen Sie das erste Tag hinzu!
|
MARC
| LEADER | 00000ntm a22000003a 4500 | ||
|---|---|---|---|
| 001 | stuzp51272 | ||
| 003 | SK-STU | ||
| 005 | 20230817115250.5 | ||
| 007 | ta | ||
| 008 | 150427s2015----xo-----f-mn---000-0-slo-d | ||
| 040 | |a STU |b slo | ||
| 041 | 0 | |a slo | |
| 100 | 1 | |a Pračková, Monika |u 010180 |4 aut |U SvF Stavebná fakulta |T SvF Katedra konštrukcií pozemných stavieb |X 9469 |U V180 |Y 18 |7 9469 | |
| 242 | 0 | 1 | |a Residential building |y eng |
| 245 | 1 | 0 | |a Bytový dom |
| 260 | |c 2015 | ||
| 650 | 4 | |a polyfunkčný bytový dom |2 slo | |
| 650 | 4 | |a projekt pre stavebné povolenie |2 slo | |
| 650 | 4 | |a Brezno |2 slo | |
| 650 | 4 | |a the polyfunctional residential building |2 eng | |
| 650 | 4 | |a project for the building permition |2 eng | |
| 650 | 4 | |a Brezno |2 eng | |
| 700 | 1 | |a Palko, Milan |4 ths |X 2552 |7 A000002552 | |
| 856 | 4 | |u http://is.stuba.sk/zp/portal_zp.pl?podrobnosti=89726 | |
| 856 | 4 | |u https://opac.crzp.sk/?fn=detailBiblioForm&sid=A1BE4CBC10A6410E28D5738DE444 | |
| SQL | |a stuzp51272 |b DBP |c SLO |d Bytový dom |e 9469 |f Pračková, Monika |g 010180 |h 2552 |i Palko, Milan |j 20150624 |k 4 |l 01 |m http://is.stuba.sk/zp/portal_zp.pl?podrobnosti=89726 |n B-PSA |o 5.1.4. pozemné stavby, 5.1.1. architektúra a urbanizmus | ||